000 00444nam a2200181Ia 4500
001 10116
005 20260306161808.0
008 260306t1960||||xx |||||||||||||| ||spa||
041 _aESP
082 _a895.36
_bL82
100 _aLobsang Rampa
_eAUT
245 0 _aEl médico de Tibet:
_bsegunda parte de El tercer ojo
260 _c1960
300 _a227 páginas :
_c19 cm.
650 _aGEN
654 _aCHU
942 _cLIB
_dJUS
_fJUS
_2ddc
_n
999 _c10116
_d10116